Verjel de los príncipes (Record no. 164554)

MARC details
000 -LEADER
campo de control de longitud fija 01192nam a2200241 i 4500
001 - NÚMERO DE CONTROL
campo de control 164554
003 - IDENTIFICADOR DE NÚMERO DE CONTROL
campo de control ES-MaACL
005 - FECHA Y HORA DE LA ÚLTIMA TRANSACCIÓN
campo de control 20230906212947.0
008 - DATOS DE LONGITUD FIJA--INFORMACIÓN GENERAL
campo de control de longitud fija 981022s1900 sp |||| | spa d
100 1# - ENTRADA PRINCIPAL--NOMBRE DE PERSONA
Nombre de persona Sánchez de Arévalo, Rodrigo.
9 (RLIN) 102569
245 10 - MENCIÓN DEL TÍTULO
Título Verjel de los príncipes
Resto del título : códice del siglo XV /
Mención de responsabilidad, etc. por Ruy Sánchez de Arévalo ; [editor literario Francisco R. de Uhagón].
260 ## - PUBLICACIÓN, DISTRIBUCIÓN, ETC.
Lugar de publicación, distribución, etc. Madrid :
Nombre del editor, distribuidor, etc. [s.n.],
Fecha de publicación, distribución, etc. 1900 (
Fabricante Oficina Tip. de la Viuda e Hijos de Tello)
300 ## - DESCRIPCIÓN FÍSICA
Extensión XVI, 78 p. ;
Dimensiones 24 cm.
530 ## - NOTA DISPONIBLE DE FORMULARIO FÍSICO ADICIONAL
Nota de formato físico adicional disponible Disponible en formato digital.
594 ## - Nota al título y mención de responsabilidad
Nota al título y mención de responsabilidad Según Palau, publicado por D. Francisco R. Uhagón, a expensas de D. Manuel Pérez Guzmán y Boza, marqués de Jerez de los Caballeros.
596 ## - NOTA AL PIE DE IMPRENTA
NOTA AL PIE DE IMPRENTA Colofón.
597 ## - NOTA DE DESCRIPCIÓN FÍSICA
NOTA DE DESCRIPCIÓN FÍSICA Port. a dos tíntas.
650 ## - PUNTO DE ACCESO ADICIONAL DE MATERIA--TÉRMINO DE MATERIA
Término de materia o nombre geográfico como elemento de entrada Educación de príncipes-
Subdivisión de forma Obras anteriores a 1800.
9 (RLIN) 141555
700 1# - ENTRADA AGREGADA--NOMBRE PERSONAL
Nombre de persona Laurencín, Francisco Rafael de Uhagón
Títulos y otros términos asociados al nombre , Marqués de.
9 (RLIN) 70617
700 1# - ENTRADA AGREGADA--NOMBRE PERSONAL
Nombre de persona Pérez de Guzmán y Boza, Manuel,
Títulos y otros términos asociados al nombre Marqués de Jerez de los Caballeros.
9 (RLIN) 128298
852 ## - LOCALIZACIÓN
Ubicación ES-MaACL
Número de control de estantería B-4839
Nota libre - Enc. hol.
856 ## - LOCALIZACIÓN Y ACCESO ELECTRÓNICOS
Identificador Uniforme de Recursos <a href="http://bibliotecadigital.jcyl.es/es/consulta/registro.do?id=2021">http://bibliotecadigital.jcyl.es/es/consulta/registro.do?id=2021</a>
Nota pública Biblioteca Digital de Castilla y León
Holdings
Estatus retirado Estado de pérdida Estado de daño No para préstamo Colección Biblioteca de origen Biblioteca actual Ubicación en estantería Fecha de adquisición Fuente de adquisición Total de préstamos Signatura topográfica completa Código de barras Visto por última vez Precio de reemplazo Tipo de ítem Koha
        Colección digital Biblioteca del Ateneo de Madrid Biblioteca del Ateneo de Madrid Sala Pardo Bazán 17/01/2008     B-4839 1172492 23/02/2023 23/02/2023 Libro impreso antiguo